000
00221 a2200097 4500
001
32162
100
_a
Lowry, John T
245
_a
Performance of Light Aircraft
260
_a
New Delhi
_b
PHI
_c
1997
090
_c
21608
_d
21608
942
_a
NUST-CAE
_c
M
_c
12901
999
_c
267235
_d
267235